Research methodology : (Record no. 18432)
[ view plain ]
| 000 -LEADER | |
|---|---|
| fixed length control field | 00841nam a22002657a 4500 |
| 005 - DATE AND TIME OF LATEST TRANSACTION | |
| control field | 20141002135559.0 |
| 008 - FIXED-LENGTH DATA ELEMENTS--GENERAL INFORMATION | |
| fixed length control field | 141002s2014 ii a frb 001 0 eng d |
| 020 ## - INTERNATIONAL STANDARD BOOK NUMBER | |
| International Standard Book Number | 9788122436235 |
| 040 ## - CATALOGING SOURCE | |
| Original cataloging agency | EG-ScBUE |
| 082 00 - DEWEY DECIMAL CLASSIFICATION NUMBER | |
| Edition number | 22 |
| Classification number | 001.42 |
| Item number | KOT |
| 100 1# - MAIN ENTRY--PERSONAL NAME | |
| 9 (RLIN) | 36150 |
| Personal name | Kothari, C. R. |
| 245 10 - TITLE STATEMENT | |
| Title | Research methodology : |
| Remainder of title | methods and techniques / |
| Statement of responsibility, etc | C. R. Kothari, Gaurav Garg. |
| 250 ## - EDITION STATEMENT | |
| Edition statement | 3rd ed. |
| 260 ## - PUBLICATION, DISTRIBUTION, ETC. (IMPRINT) | |
| Place of publication, distribution, etc | New Delhi : |
| Name of publisher, distributor, etc | New Age International (P) Ltd., Publishers, |
| Date of publication, distribution, etc | 2014 |
| Manufacturer | (Ajit Printers) |
| 300 ## - PHYSICAL DESCRIPTION | |
| Extent | xx, 449 p. : |
| Other physical details | ill. ; |
| Dimensions | 24 cm. |
| 490 0# - Series Statement | |
| Series statement | New Age |
| 500 ## - GENERAL NOTE | |
| General note | Includes appendix. |
| 500 ## - GENERAL NOTE | |
| General note | Index : p. 446-449. |
| 504 ## - BIBLIOGRAPHY, ETC. NOTE | |
| Bibliography, etc | Bibliography : p. 441-445. |
| 650 #0 - SUBJECT ADDED ENTRY--TOPICAL TERM | |
| 9 (RLIN) | 27690 |
| Topical term or geographic name as entry element | Research |
| General subdivision | Methodology |
| 653 ## - INDEX TERM--UNCONTROLLED | |
| Resource For college | Pharmacy |
| Arrived date list | October2014 |
| 655 ## - INDEX TERM--GENRE/FORM | |
| Form subdivision | |
| -- | 33728 |
| 700 1# - ADDED ENTRY--PERSONAL NAME | |
| 9 (RLIN) | 36151 |
| Personal name | Garg, Gaurav |
| 942 ## - ADDED ENTRY ELEMENTS (KOHA) | |
| Source of classification or shelving scheme | Dewey Decimal Classification |
| Call number prefix | 001.42 KOT |
| Withdrawn status | Item status | Source of classification or shelving scheme | Damaged status | Not for loan | Vendor | Home library | Current library | Shelving location | Date acquired | Source of acquisition | Cost, normal purchase price | Total Checkouts | Full call number | Barcode | Date last seen | Cost, replacement price | Koha item type | Date last borrowed | Total Renewals |
|---|---|---|---|---|---|---|---|---|---|---|---|---|---|---|---|---|---|---|---|
| Dewey Decimal Classification | Baccah | Central Library | Central Library | Lower Floor | 02/10/2014 | 230.00 | 001.42 KOT | 000036483 | 15/07/2025 | 287.50 | NB - Book (Non borrowing) | ||||||||
| Dewey Decimal Classification | Baccah | Central Library | Central Library | Lower Floor | 02/10/2014 | 230.00 | 1 | 001.42 KOT | 000036484 | 15/07/2025 | 287.50 | Book - Borrowing | 30/05/2016 | ||||||
| Dewey Decimal Classification | Baccah | Central Library | Central Library | Lower Floor | 02/10/2014 | 230.00 | 3 | 001.42 KOT | 000036485 | 15/07/2025 | 287.50 | Book - Borrowing | 22/03/2023 | 1 | |||||
| Dewey Decimal Classification | Baccah | Central Library | Central Library | Lower Floor | 02/10/2014 | 230.00 | 2 | 001.42 KOT | 000036486 | 15/07/2025 | 287.50 | Book - Borrowing | 30/01/2017 | 7 | |||||
| Dewey Decimal Classification | Baccah | Central Library | Central Library | Lower Floor | 02/10/2014 | 230.00 | 2 | 001.42 KOT | 000036487 | 15/07/2025 | 287.50 | Book - Borrowing | 05/04/2018 | 2 | |||||
| Dewey Decimal Classification | Baccah | Central Library | Central Library | Lower Floor | 02/10/2014 | 230.00 | 3 | 001.42 KOT | 000036488 | 15/07/2025 | 287.50 | Book - Borrowing | 30/05/2016 |